000 00716nam a2200289Ia 4500
005 20260324135225.0
008 008 260324s9999 xx 000 0 eng d
020 _a9781410605771
037 _aEBOOK
040 _aCRL
040 _beng
040 _cCRL
041 _2eng
041 _aeng
084 _qCRL
100 _aW. Bruce Walsh; Kenneth H. Craik; Richard H. Price
_91199796
245 0 _aPerson-Environment Psychology
245 0 _bNew Directions and Perspectives
260 _bTaylor and Francis
260 _c2000
365 _a
365 _b220
856 _uhttp://www.taylorfrancis.com/books/9781410605771
942 _cEBOOK
999 _c1800651
_d1800651